[Event "EOBCC 2020"]
[Site "Online"]
[Date "2020.12.18"]
[Round "1.1"]
[White "Yankelevich, Lev"]
[Black "Duda, Jan-Krzysztof"]
[Result "1/2-1/2"]
[WhiteElo "2416"]
[BlackElo "2743"]
[Annotator "TA"]
[PlyCount "127"]
[EventDate "2020.12.18"]
[EventType "tourn"]
[EventCountry "NET"]

1. Nf3 Nf6 2. g3 g6 3. Bg2 Bg7 4. O-O O-O 5. d4 d6 6. c4 Nc6 7. Nc3 e5 8. dxe5 Nxe5 9. b3 Nxf3+ 10. exf3 Re8 11. Bb2 Bd7 12. Qd2 Bc6 13. Rfe1 Qd7 14. Ne2 b6 15. Bd4 Re7 16. Qc3 Nh5 17. Bxg7 Nxg7 18. Nd4 Rae8 19. Nxc6 Rxe1+ 20. Rxe1 Qxc6 21. f4 Rxe1+ 22. Qxe1 Qe8 23. Qxe8+ Nxe8 24. Bc6 Nf6 25. f3 Kf8 26. Kf2 Ke7 27. Ke3 Ng8 28. b4 Ke6 29. Kd4 Ne7 30. Bd5+ Kf6 31. g4 c5+ 32. bxc5 dxc5+ 33. Ke4 Nc8 34. g5+ Ke7 35. Ke5 Nd6 36. h3 Nf5 37. Be4 Ne3 38. Bd3 Nd1 39. a3 Nb2 40. Be2 Na4 41. f5 Nc3 42. Bd3 a6 43. f4 b5 44. cxb5 axb5 45. fxg6 hxg6 46. f5 gxf5 47. Bxf5 b4 48. axb4 cxb4 49. Kd4 Ne2+ 50. Kc4 b3 51. Bh7 b2 52. Kb3 Kf8 53. Kxb2 Nd4 54. Be4 f6 55. gxf6 Kf7 56. Kc3 Ne2+ 57. Kd3 Nf4+ 58. Ke3 Nxh3 59. Bf5 Ng5 60. Kf4 Kxf6 61. Kg4 Nf7 62. Kf4 Ng5 63. Kg4 Nf3 64. Kxf3 1/2-1/2

[Event "EOBCC 2020"]
[Site "Online"]
[Date "2020.12.18"]
[Round "1.3"]
[White "Subelj, Jan"]
[Black "Navara, David"]
[Result "0-1"]
[WhiteElo "2403"]
[BlackElo "2697"]
[Annotator "TA"]
[PlyCount "60"]
[EventDate "2020.12.18"]
[EventType "tourn"]
[EventCountry "NET"]

1. e4 c5 2. Nf3 e6 3. c4 Nc6 4. Nc3 Nf6 5. Be2 Qb6 6. O-O Be7 7. b3 O-O 8. Bb2 d6 9. Re1 a6 10. Bf1 Nd4 11. d3 Bd7 12. h3 Bc6 13. Nxd4 cxd4 14. Ne2 e5 15. f4 a5 16. a4 Nd7 17. Ba3 Rae8 18. Rb1 Nc5 19. Kh1 f5 20. Bxc5 dxc5 21. exf5 Bh4 22. fxe5 Rxe5 23. Qd2 Bxe1 24. Rxe1 Qb4 25. Qxb4 axb4 26. Kg1 Rfxf5 27. Rd1 Re3 28. Nc1 h5 29. Be2 Rg5 30. g4 Rxh3 0-1

[Event "EOBCC 2020"]
[Site "Online"]
[Date "2020.12.18"]
[Round "1.4"]
[White "Sargissian, Gabriel"]
[Black "Borsuk, Konstantin"]
[Result "1/2-1/2"]
[WhiteElo "2682"]
[BlackElo "2401"]
[PlyCount "173"]
[EventDate "2020.12.18"]
[EventType "tourn"]
[EventCountry "NET"]

1. d4 Nf6 2. c4 e6 3. Nf3 b6 4. g3 Bb7 5. Bg2 Be7 6. O-O O-O 7. Re1 Qc8 8. Bg5 h6 9. Bxf6 Bxf6 10. e4 d6 11. Nc3 Rd8 12. Qe2 c5 13. d5 e5 14. h4 Qc7 15. Bh3 Bc8 16. Bxc8 Qxc8 17. Kg2 a6 18. a4 a5 19. Nb5 Be7 20. Nh2 Nd7 21. Ng4 h5 22. Ne3 g6 23. Rh1 Nf6 24. f3 Kg7 25. Rag1 Rh8 26. Kf1 Qd7 27. Ke1 Rag8 28. Kd1 Kf8 29. Kc2 Ke8 30. Qd3 Kd8 31. f4 exf4 32. gxf4 Ng4 33. Nxg4 hxg4 34. e5 Qf5 35. Rg2 Kd7 36. e6+ fxe6 37. dxe6+ Kxe6 38. Nc7+ Kf7 39. Nd5 Bd8 40. Ne3 Qxd3+ 41. Kxd3 Rxh4 42. Rxh4 Bxh4 43. Rxg4 Bf6 44. b3 Rh8 45. Rg3 Rh1 46. Nd5 Rd1+ 47. Ke4 Re1+ 48. Re3 Rf1 49. Rh3 Bg7 50. Nxb6 Re1+ 51. Re3 Rd1 52. Rd3 Re1+ 53. Kf3 Bd4 54. Nd5 Ke6 55. Rd2 Kf5 56. Rg2 Rf1+ 57. Ke2 Rb1 58. Rg3 Rb2+ 59. Kd1 Rh2 60. Rg5+ Ke4 61. Rxg6 Kd3 62. Rg3+ Ke4 63. f5 Kxf5 64. Rd3 Ke4 65. Rd2 Rh1+ 66. Kc2 Re1 67. Nc3+ Bxc3 68. Kxc3 Ke5 69. Rh2 Re3+ 70. Kc2 Rg3 71. Rh8 Kd4 72. Kb2 Rg2+ 73. Ka3 Kc3 74. Rh3+ Kc2 75. Ka2 Rf2 76. Rg3 Re2 77. Rg6 Rd2 78. Rh6 Kc3+ 79. Ka3 Kc2 80. Rh1 Rd3 81. Rh2+ Rd2 82. Rh1 Rd1 83. Rh2+ Kc3 84. Rh3+ Kc2 85. Rh2+ Kc3 86. Rh3+ Kc2 87. Rh2+ 1/2-1/2

[Event "EOBCC 2020"]
[Site "Online"]
[Date "2020.12.18"]
[Round "1.6"]
[White "Bluebaum, Matthias"]
[Black "Koellner, Ruben Gideon"]
[Result "1-0"]
[WhiteElo "2672"]
[BlackElo "2412"]
[PlyCount "69"]
[EventDate "2020.12.18"]
[EventType "tourn"]
[EventCountry "NET"]

1. d4 d6 2. Nf3 Nf6 3. c4 g6 4. Nc3 Bf5 5. d5 e5 6. dxe6 Bxe6 7. Nd4 Bg7 8. e4 O-O 9. Be2 Nc6 10. Nxe6 fxe6 11. O-O Nd7 12. Be3 Qe7 13. Qd2 a6 14. Rad1 Rad8 15. Kh1 Rf7 16. f4 Rdf8 17. Bf3 Kh8 18. g3 Nf6 19. b3 e5 20. f5 Qe8 21. Rde1 Nd7 22. Nd5 Nf6 23. Nc3 Nd7 24. g4 Nd4 25. Bg2 c6 26. Ne2 c5 27. Nc3 Nb6 28. Rf2 gxf5 29. exf5 Qe7 30. Ref1 Rg8 31. Ne4 Qe8 32. g5 Qf8 33. f6 Bxf6 34. Rxf6 Rxf6 35. Rxf6 1-0

[Event "EOBCC 2020"]
[Site "Online"]
[Date "2020.12.18"]
[Round "1.7"]
[White "Reimanis, Ritvars"]
[Black "Jones, Gawain C B"]
[Result "0-1"]
[WhiteElo "2412"]
[BlackElo "2670"]
[PlyCount "102"]
[EventDate "2020.12.18"]
[EventType "tourn"]
[EventCountry "NET"]

1. d4 Nf6 2. c4 g6 3. Nc3 Bg7 4. e4 d6 5. Be2 Nbd7 6. Nf3 e5 7. O-O O-O 8. dxe5 dxe5 9. Bg5 c6 10. Qc2 h6 11. Bh4 Qc7 12. b4 Re8 13. Bg3 Nh5 14. b5 Nc5 15. bxc6 bxc6 16. Rfe1 Ne6 17. Qa4 Nxg3 18. hxg3 Nd4 19. Nd5 Qd7 20. Nb6 axb6 21. Qxa8 Bb7 22. Qa7 Qc7 23. Rab1 Ra8 24. Qxb6 Qxb6 25. Rxb6 Bc8 26. Nxd4 exd4 27. Rxc6 Be6 28. Kf1 Rxa2 29. Rd1 h5 30. f4 Rc2 31. Rc5 Rc3 32. f5 Bd7 33. Rd5 Bc6 34. Rd8+ Kh7 35. fxg6+ fxg6 36. R8xd4 Bxd4 37. Rxd4 Rxg3 38. Bd3 Rg5 39. Rd6 Rc5 40. Kf2 Be8 41. Ke3 Kg7 42. Kd4 Rc7 43. c5 h4 44. e5 g5 45. Kd5 g4 46. Rd8 h3 47. gxh3 g3 48. Kd4 g2 49. Bc4 g1=Q+ 50. Kd5 Qxc5+ 51. Ke6 Qe7+ 0-1

[Event "EOBCC 2020"]
[Site "Online"]
[Date "2020.12.18"]
[Round "1.8"]
[White "Guseinov, Gadir"]
[Black "Ioannidis, Evgenios"]
[Result "1-0"]
[WhiteElo "2665"]
[BlackElo "2411"]
[PlyCount "47"]
[EventDate "2020.12.18"]
[EventType "tourn"]
[EventCountry "NET"]

1. e4 c5 2. Nc3 a6 3. g3 b5 4. Bg2 Bb7 5. d3 d6 6. Nh3 Nf6 7. O-O e5 8. f4 Be7 9. g4 b4 10. Ne2 exf4 11. Nexf4 O-O 12. g5 Nfd7 13. Qh5 Ne5 14. Nd5 Nbd7 15. Bd2 Ng6 16. Rf2 Nde5 17. Raf1 a5 18. Nf6+ gxf6 19. gxf6 Re8 20. Ng5 Nf8 21. fxe7 Rxe7 22. Nxf7 Qe8 23. Qg5+ Nfg6 24. Nxd6 1-0

[Event "EOBCC 2020"]
[Site "Online"]
[Date "2020.12.18"]
[Round "1.9"]
[White "Soltanici, Ruslan"]
[Black "Grandelius, Nils"]
[Result "1/2-1/2"]
[WhiteElo "2410"]
[BlackElo "2663"]
[PlyCount "114"]
[EventDate "2020.12.18"]
[EventType "tourn"]
[EventCountry "NET"]

1. e4 c6 2. c4 d5 3. exd5 cxd5 4. cxd5 Nf6 5. Qa4+ Nbd7 6. Nc3 g6 7. Nf3 Bg7 8. Bc4 O-O 9. d3 a6 10. Qa3 Nb6 11. Qb3 Nxc4 12. dxc4 b5 13. O-O bxc4 14. Qxc4 Bb7 15. Rd1 Rc8 16. Qh4 Qb6 17. Bh6 Bxh6 18. Qxh6 Qxb2 19. Rab1 Qxc3 20. Rxb7 Rfe8 21. h3 Qc2 22. Qd2 Qa4 23. d6 exd6 24. Qxd6 Re6 25. Qd2 Ne4 26. Qd7 Qxd7 27. Rdxd7 Rf8 28. Re7 Rxe7 29. Rxe7 Nc3 30. a3 Kg7 31. Ra7 Rb8 32. Rxa6 Rb1+ 33. Kh2 Ne4 34. Ra7 Kf6 35. Ra6+ Kg7 36. Ra7 Nxf2 37. Ng5 h6 38. Nxf7 Kf6 39. Nxh6 Rh1+ 40. Kg3 Ne4+ 41. Kf3 Ng5+ 42. Kg3 Ne4+ 43. Kf4 Nc5 44. Ng4+ Ke6 45. Ra5 Rc1 46. Kg3 Rc3+ 47. Kh4 Rc4 48. Kg5 Rc2 49. g3 Ne4+ 50. Kf4 Nc5 51. Kg5 Ne4+ 52. Kf4 Nc5 53. h4 Rc3 54. Ne5 Kf6 55. Ng4+ Ke6 56. Ne5 Kf6 57. Ng4+ Ke6 1/2-1/2

[Event "EOBCC 2020"]
[Site "Online"]
[Date "2020.12.18"]
[Round "1.10"]
[White "Sjugirov, Sanan"]
[Black "Babazada, Khazar"]
[Result "1-0"]
[WhiteElo "2663"]
[BlackElo "2409"]
[PlyCount "89"]
[EventDate "2020.12.18"]
[EventType "tourn"]
[EventCountry "NET"]

1. d4 Nf6 2. Bg5 e6 3. Nf3 Be7 4. e3 O-O 5. Nbd2 b6 6. c3 Bb7 7. Bd3 d5 8. Ne5 Ne4 9. Bxe7 Qxe7 10. Qc2 f5 11. Ndf3 Nd6 12. O-O Nd7 13. Nxd7 Qxd7 14. Rac1 Qe7 15. Ne5 Nf7 16. Nxf7 Rxf7 17. c4 Raf8 18. f4 g5 19. c5 Rg7 20. Qa4 a6 21. b4 b5 22. Qd1 c6 23. a4 Rf6 24. axb5 axb5 25. Rf2 Rfg6 26. Ra1 Qf6 27. Bf1 h5 28. fxg5 Qxg5 29. Qf3 Kh7 30. Ra7 h4 31. Qf4 Qf6 32. Qb8 Qf7 33. Qd8 Rh6 34. Rf4 h3 35. g3 Qg6 36. Qb8 Qf7 37. Qd8 Qd7 38. Qb6 Qe7 39. Rf3 e5 40. dxe5 Qxe5 41. Rxb7 Rhg6 42. Rxg7+ Qxg7 43. Qd8 Qc3 44. Qh4+ Rh6 45. Qf4 1-0

[Event "EOBCC 2020"]
[Site "Online"]
[Date "2020.12.18"]
[Round "1.11"]
[White "Gaehwiler, Gabriel"]
[Black "Shirov, Alexei"]
[Result "1/2-1/2"]
[WhiteElo "2408"]
[BlackElo "2662"]
[PlyCount "105"]
[EventDate "2020.12.18"]
[EventType "tourn"]
[EventCountry "NET"]

1. d4 d5 2. c4 c6 3. Nf3 Nf6 4. Nc3 e6 5. g3 dxc4 6. Bg2 b5 7. Ne5 a6 8. a4 Bb7 9. O-O Be7 10. axb5 axb5 11. Rxa8 Bxa8 12. Nxb5 cxb5 13. Bxa8 O-O 14. Bf3 Qb6 15. Bg5 Rd8 16. e3 h6 17. Bxf6 Bxf6 18. Ng4 Be7 19. Qc2 Nd7 20. b3 cxb3 21. Qxb3 Rc8 22. Rb1 b4 23. Qa4 Qc7 24. Qb5 f5 25. Ne5 Nxe5 26. dxe5 Rb8 27. Qc6 Qxe5 28. Bd1 Kf7 29. Bb3 Rd8 30. Kg2 Rd6 31. Qc4 Rd2 32. Re1 Qe4+ 33. Qxe4 fxe4 34. Rc1 Rd3 35. Bc4 Ra3 36. Kf1 Kf6 37. Rc2 Ke5 38. Ra2 g5 39. Rxa3 bxa3 40. Ke2 g4 41. Ba2 h5 42. Bb3 Bb4 43. Ba2 Kd6 44. Bb3 e5 45. Kd1 Kc5 46. Ba2 Ba5 47. Bf7 Bc3 48. Be6 Kb4 49. Bf7 Bb2 50. Kc2 Bc3 51. Kd1 Ka5 52. Ke2 Kb4 53. Kd1 1/2-1/2

[Event "EOBCC 2020"]
[Site "Online"]
[Date "2020.12.18"]
[Round "1.12"]
[White "Cheparinov, Ivan"]
[Black "Gavrilescu, David"]
[Result "1-0"]
[WhiteElo "2688"]
[BlackElo "2476"]
[PlyCount "101"]
[EventDate "2020.12.18"]
[EventType "tourn"]
[EventCountry "NET"]

1. Nf3 d5 2. e3 Nf6 3. c4 e6 4. b3 Bd6 5. Bb2 O-O 6. Nc3 b6 7. g3 Bb7 8. Bg2 a6 9. O-O Nbd7 10. d4 Qe7 11. Rc1 Rac8 12. cxd5 exd5 13. Rc2 Rfe8 14. Qc1 Ne4 15. Ne2 Nf8 16. Nf4 Ng6 17. Nd3 h5 18. Nfe5 Bxe5 19. Nxe5 Nxe5 20. dxe5 h4 21. f3 Nc5 22. Qd2 hxg3 23. hxg3 a5 24. Qc3 Qg5 25. g4 f6 26. exf6 Rxe3 27. Qd4 Ne6 28. f7+ Kxf7 29. f4 Qg6 30. f5 Nxd4 31. fxg6+ Kxg6 32. Bxd4 Rg3 33. Rf4 c5 34. Bf2 Rd3 35. Re2 Rd1+ 36. Re1 Rxe1+ 37. Bxe1 Re8 38. Kf2 Ba6 39. Bf3 d4 40. Bd2 Bd3 41. Kg3 b5 42. g5 Re5 43. Rh4 c4 44. bxc4 bxc4 45. Bh5+ Kf5 46. Rf4+ Ke6 47. Rxd4 Ke7 48. Bg4 a4 49. Bb4+ Ke8 50. Kf4 Rb5 51. Bd7+ 1-0

[Event "EOBCC 2020"]
[Site "Online"]
[Date "2020.12.18"]
[Round "1.13"]
[White "Lazov, Toni"]
[Black "Oparin, Grigoriy"]
[Result "0-1"]
[WhiteElo "2405"]
[BlackElo "2652"]
[PlyCount "154"]
[EventDate "2020.12.18"]
[EventType "tourn"]
[EventCountry "NET"]

1. e4 c5 2. Nc3 Nc6 3. Bb5 g6 4. Bxc6 bxc6 5. f4 Bg7 6. Nf3 d6 7. O-O Nh6 8. d3 f5 9. Qe1 O-O 10. b3 c4 11. bxc4 fxe4 12. dxe4 Ba6 13. h3 Bxc4 14. Rf2 Qa5 15. Bd2 Qh5 16. Rd1 Rab8 17. Ne2 Bxa2 18. Bc3 Qc5 19. Bxg7 Kxg7 20. Ra1 Rb2 21. Qc3+ Qxc3 22. Nxc3 Bc4 23. Rxa7 Re8 24. Nd4 c5 25. Nc6 Kf8 26. Nd5 Bxd5 27. exd5 Ng8 28. Re2 Rb1+ 29. Kf2 Rd1 30. c4 Rc1 31. Re4 Rc2+ 32. Kf3 h5 33. Kg3 Nh6 34. Kf3 Nf5 35. g4 Rc3+ 36. Kf2 hxg4 37. hxg4 Nh6 38. Rexe7 Nxg4+ 39. Ke2 Rxe7+ 40. Rxe7 Rxc4 41. Re6 Rxf4 42. Rxg6 Nf6 43. Ke3 Nxd5+ 44. Kd3 Nf6 45. Ke3 Rf5 46. Rh6 Kf7 47. Rh1 Ke6 48. Nd8+ Kd7 49. Nf7 Nd5+ 50. Ke4 Rxf7 51. Kxd5 Rf5+ 52. Kc4 Kc6 53. Rh6 Rf4+ 54. Kd3 Rg4 55. Rf6 Kd5 56. Rf5+ Ke6 57. Rh5 d5 58. Rh6+ Kf5 59. Rh5+ Rg5 60. Rh4 Ke5 61. Rh3 c4+ 62. Kc3 Ke4 63. Rh4+ Ke5 64. Rh3 Rf5 65. Rg3 Ke4 66. Rg8 Rf3+ 67. Kc2 Re3 68. Rg4+ Ke5 69. Rg5+ Kd4 70. Rg4+ Kc5 71. Rg8 Re2+ 72. Kd1 Rh2 73. Rg7 c3 74. Rg4 d4 75. Rg8 Kc4 76. Rg4 Kb3 77. Rxd4 c2+ 0-1

[Event "EOBCC 2020"]
[Site "Online"]
[Date "2020.12.18"]
[Round "1.15"]
[White "Sargsyan, Anna M."]
[Black "Najer, Evgeniy"]
[Result "0-1"]
[WhiteElo "2402"]
[BlackElo "2648"]
[PlyCount "78"]
[EventDate "2020.12.18"]
[EventType "tourn"]
[EventCountry "NET"]

1. d4 Nf6 2. c4 e6 3. Nf3 Bb4+ 4. Bd2 c5 5. g3 Qb6 6. Qb3 Nc6 7. dxc5 Bxc5 8. Qxb6 axb6 9. Nc3 d5 10. e3 Nb4 11. Kd1 O-O 12. cxd5 exd5 13. a3 Bg4 14. Be2 Nd3 15. Rf1 Nxb2+ 16. Kc2 Nc4 17. Bxc4 dxc4 18. Ne5 Bf5+ 19. Kb2 Rfd8 20. Bc1 Ne4 21. Nb5 Nd2 22. Rd1 Nb3 23. Rxd8+ Rxd8 24. Ra2 Rd1 25. Nxc4 Nxc1 26. Nc3 Rf1 27. Ra1 Nd3+ 28. Ka2 Rxf2+ 29. Kb3 Be6 30. Rb1 Ne5 31. Ne4 Bxc4+ 32. Kc3 Re2 33. Rd1 Rxe3+ 34. Kb2 Nd3+ 35. Kc2 Rxe4 36. Kc3 g6 37. a4 Bb4+ 38. Kc2 Re2+ 39. Kb1 Ba2+ 0-1

[Event "EOBCC 2020"]
[Site "Online"]
[Date "2020.12.18"]
[Round "1.16"]
[White "Movsesian, Sergei"]
[Black "Grunberg, Mihai-Lucian"]
[Result "1-0"]
[WhiteElo "2647"]
[BlackElo "2401"]
[PlyCount "63"]
[EventDate "2020.12.18"]
[EventType "tourn"]
[EventCountry "NET"]

1. e4 Nf6 2. e5 Nd5 3. d4 d6 4. Nf3 dxe5 5. Nxe5 c6 6. Be2 Nd7 7. Nf3 g6 8. O-O Bg7 9. c4 Nc7 10. Nc3 O-O 11. h3 e5 12. Bg5 f6 13. Be3 f5 14. dxe5 Nxe5 15. Qb3 Qe7 16. Rfe1 Ne6 17. Rad1 Kh8 18. Nxe5 Bxe5 19. Bf3 Qf6 20. c5 Nd4 21. Bxd4 Bxd4 22. Qc4 Be5 23. Rd2 Be6 24. Qb4 Rab8 25. Rde2 Bxc3 26. bxc3 Bf7 27. Re7 Rfe8 28. Rxe8+ Bxe8 29. Rd1 Qe5 30. g3 b6 31. cxb6 axb6 32. Qf8# 1-0

[Event "EOBCC 2020"]
[Site "Online"]
[Date "2020.12.18"]
[Round "1.17"]
[White "Bykhovsky, Avigdor"]
[Black "Kovalenko, Igor"]
[Result "1/2-1/2"]
[WhiteElo "2400"]
[BlackElo "2643"]
[PlyCount "184"]
[EventDate "2020.12.18"]
[EventType "tourn"]
[EventCountry "NET"]

1. Nf3 Nf6 2. d4 g6 3. c4 Bg7 4. e3 O-O 5. Be2 b6 6. b3 Bb7 7. Bb2 e6 8. O-O Ne4 9. Nbd2 Nxd2 10. Nxd2 c5 11. Bf3 Nc6 12. Ne4 Qe7 13. Rb1 f5 14. Ng3 Rab8 15. d5 Ne5 16. Bxe5 Bxe5 17. Ne2 Kg7 18. g3 h5 19. Bg2 h4 20. Nf4 Rh8 21. Re1 hxg3 22. hxg3 g5 23. Nd3 Bc3 24. Re2 exd5 25. cxd5 Ba6 26. Qc2 Qf6 27. Rc1 Be5 28. Nxe5 Qxe5 29. Rd2 d6 30. Qc3 Qxc3 31. Rxc3 Kf6 32. f4 Rbe8 33. a3 Re7 34. b4 Bb5 35. Rb2 a6 36. Ra2 gxf4 37. gxf4 Be8 38. Rb2 Bb5 39. bxc5 bxc5 40. a4 Bxa4 41. Rb6 Rd8 42. Rxa6 Be8 43. Kf2 Rc7 44. e4 fxe4 45. Bxe4 Bg6 46. Bxg6 Kxg6 47. Re3 Kf5 48. Kf3 c4 49. Rc3 Rc5 50. Ra4 Rdc8 51. Ke3 Rxd5 52. Raxc4 Rh8 53. Rc8 Rh3+ 54. Kf2 Rxc3 55. Rxc3 Kxf4 56. Ke2 Rd4 57. Rc8 Ke4 58. Re8+ Kd5 59. Rc8 Ra4 60. Kd3 Ra3+ 61. Kd2 Kd4 62. Rh8 Ra2+ 63. Kd1 d5 64. Rh4+ Kc3 65. Rh3+ Kc4 66. Rh4+ d4 67. Rh3 Rf2 68. Rg3 Rh2 69. Rf3 Rg2 70. Rh3 Rg5 71. Rf3 Re5 72. Rh3 Re4 73. Rg3 Rf4 74. Rh3 Kd5 75. Rg3 Ke4 76. Rh3 Rg4 77. Ra3 Rg1+ 78. Kd2 Rg2+ 79. Kd1 Rf2 80. Rh3 Rf3 81. Rxf3 Kxf3 82. Kd2 Ke4 83. Ke2 d3+ 84. Kd2 Kd4 85. Kd1 Kc4 86. Kd2 Kd4 87. Kd1 Kc3 88. Kc1 Kb3 89. Kd2 Kc4 90. Kd1 Kc3 91. Kc1 d2+ 92. Kd1 Kd3 1/2-1/2

[Event "EOBCC 2020"]
[Site "Online"]
[Date "2020.12.18"]
[Round "1.18"]
[White "Hovhannisyan, Robert"]
[Black "Kanakaris, Georgios"]
[Result "1-0"]
[WhiteElo "2642"]
[BlackElo "2400"]
[PlyCount "65"]
[EventDate "2020.12.18"]
[EventType "tourn"]
[EventCountry "NET"]

1. e4 c5 2. Nf3 d6 3. d4 cxd4 4. Nxd4 Nf6 5. Nc3 a6 6. Be2 e5 7. Nb3 Be7 8. Be3 O-O 9. g4 Be6 10. g5 Nfd7 11. h4 b5 12. Bg4 Nb6 13. Bxe6 fxe6 14. Qg4 Nc4 15. Qxe6+ Kh8 16. O-O-O Nc6 17. Nd5 Re8 18. g6 Bf8 19. Qf7 Nxe3 20. fxe3 Ra7 21. Qf5 Qd7 22. h5 h6 23. Rhf1 Qxf5 24. exf5 Ne7 25. e4 Nxd5 26. Rxd5 Be7 27. c3 Rc8 28. Kc2 Kg8 29. Rfd1 Rd8 30. Nc5 Raa8 31. Nb7 Rd7 32. Nxd6 Rad8 33. Nf7 1-0

[Event "EOBCC 2020"]
[Site "Online"]
[Date "2020.12.18"]
[Round "1.19"]
[White "Piesik, Piotr"]
[Black "Kuzubov, Yuriy"]
[Result "0-1"]
[WhiteElo "2400"]
[BlackElo "2641"]
[PlyCount "80"]
[EventDate "2020.12.18"]
[EventType "tourn"]
[EventCountry "NET"]

1. Nf3 d5 2. g3 Bg4 3. Bg2 Nd7 4. O-O e6 5. d3 Ngf6 6. Nbd2 Be7 7. e4 Bh5 8. Qe1 h6 9. e5 Nh7 10. h3 O-O 11. Nb3 Kh8 12. Nh2 c6 13. f4 f6 14. exf6 Bxf6 15. Ng4 Bxg4 16. hxg4 Qc7 17. c3 e5 18. Be3 Rae8 19. Qf2 Qd8 20. Nc5 exf4 21. gxf4 Rxe3 22. Qxe3 d4 23. Nxb7 Qb6 24. Qe6 dxc3+ 25. Kh2 cxb2 26. Rab1 Qxb7 27. Bxc6 Nc5 28. Qxf6 Nxf6 29. Bxb7 Nxb7 30. Rxb2 Nxg4+ 31. Kg3 Ne3 32. Re1 Nf5+ 33. Kg4 Nc5 34. Rd2 Nd4 35. Re5 Nd7 36. Re7 Nf6+ 37. Kh3 a5 38. Rg2 Nh5 39. Kg4 Rf5 40. Re4 Nf6+ 0-1

[Event "EOBCC 2020"]
[Site "Online"]
[Date "2020.12.18"]
[Round "1.21"]
[White "Bazeev, German"]
[Black "Sarana, Alexey"]
[Result "1-0"]
[WhiteElo "2398"]
[BlackElo "2636"]
[PlyCount "51"]
[EventDate "2020.12.18"]
[EventType "tourn"]
[EventCountry "NET"]

1. d4 Nf6 2. Nf3 d5 3. c4 e6 4. g3 Bb4+ 5. Bd2 Be7 6. Bg2 c6 7. Qc2 O-O 8. h4 Nbd7 9. Nc3 dxc4 10. Rd1 b5 11. Ne5 Nxe5 12. dxe5 Nd5 13. Ne4 Qc7 14. Ng5 g6 15. Bf4 h5 16. Bf3 Rd8 17. Bxh5 Nxf4 18. gxf4 Rxd1+ 19. Kxd1 Bxg5 20. hxg5 gxh5 21. Rxh5 Kf8 22. Rh8+ Ke7 23. Qh7 Bb7 24. Rxa8 Bxa8 25. g6 Qd8+ 26. Kc1 1-0

[Event "EOBCC 2020"]
[Site "Online"]
[Date "2020.12.18"]
[Round "1.25"]
[White "Ozen, Deniz"]
[Black "Yilmaz, Mustafa"]
[Result "1-0"]
[WhiteElo "2412"]
[BlackElo "2630"]
[PlyCount "177"]
[EventDate "2020.12.18"]
[EventType "tourn"]
[EventCountry "NET"]

1. e4 e5 2. Nf3 Nc6 3. Bb5 a6 4. Ba4 Nf6 5. d3 b5 6. Bb3 Bc5 7. Be3 Bxe3 8. fxe3 d6 9. c3 O-O 10. O-O Na5 11. Bc2 c5 12. Nbd2 Nc6 13. Bb3 Na5 14. Bc2 Re8 15. Qe1 Nc6 16. Qh4 Ra7 17. a4 b4 18. Nc4 a5 19. h3 h6 20. g4 Be6 21. g5 Nh7 22. gxh6 Qxh4 23. Nxh4 Bxc4 24. dxc4 g6 25. Rad1 Re6 26. Bd3 Ng5 27. Kg2 Kh7 28. Be2 Nxe4 29. Bg4 bxc3 30. Bxe6 fxe6 31. bxc3 Kxh6 32. Nf3 Rd7 33. Rd3 Kg7 34. Rc1 Kf6 35. Rdd1 Ke7 36. Nd2 Nf6 37. Nf3 e4 38. Nd2 Ne5 39. Rb1 d5 40. cxd5 Nxd5 41. Nf1 Nc4 42. Kg3 Nxc3 43. Rxd7+ Kxd7 44. Rb7+ Kd6 45. Rg7 Ne5 46. Ra7 Nxa4 47. Ra6+ Kd5 48. Rxa5 Nc3 49. Ra8 Nd3 50. Rg8 Ne5 51. Rd8+ Kc6 52. Re8 Kd7 53. Ra8 c4 54. Nd2 Nd5 55. Nxe4 Nxe3 56. Kf4 c3 57. Kxe3 c2 58. Kd2 Kc6 59. Kxc2 Kd5 60. Nc3+ Kd4 61. Ra4+ Kc5 62. Ra5+ Kd4 63. Ne2+ Ke4 64. Ng3+ Kf4 65. Nf1 Nf3 66. Ra6 g5 67. Nd2 Nd4+ 68. Kd3 e5 69. Nc4 Nf3 70. Rf6+ Kg3 71. Ke3 Nh4 72. Nxe5 Ng2+ 73. Ke4 Nf4 74. Nf3 Nxh3 75. Ne5 Nf2+ 76. Kf5 g4 77. Nxg4 Nd1 78. Rg6 Kf3 79. Ne5+ Ke2 80. Rg2+ Kf1 81. Ra2 Nc3 82. Rc2 Nd5 83. Ng4 Ke1 84. Ra2 Kd1 85. Ra8 Kc2 86. Ke5 Nb6 87. Rd8 Kc3 88. Ne3 Kb4 89. Nd5+ 1-0

[Event "EOBCC 2020"]
[Site "Online"]
[Date "2020.12.18"]
[Round "1.26"]
[White "Meier, Georg"]
[Black "Erdogdu, Mert"]
[Result "1/2-1/2"]
[WhiteElo "2628"]
[BlackElo "2396"]
[PlyCount "176"]
[EventDate "2020.12.18"]
[EventType "tourn"]
[EventCountry "NET"]

1. Nf3 d5 2. g3 e6 3. Bg2 c5 4. O-O Nf6 5. b3 Be7 6. Bb2 O-O 7. d4 b6 8. c4 Bb7 9. dxc5 Bxc5 10. Qc2 Nbd7 11. Nbd2 Rc8 12. Rac1 dxc4 13. bxc4 Qc7 14. Nb3 Be4 15. Qc3 Be7 16. Rfd1 Rfd8 17. Nfd2 Bxg2 18. Kxg2 Nc5 19. Qf3 Na4 20. Bd4 Rd7 21. Bxf6 Bxf6 22. Ne4 Be7 23. Rxd7 Qxd7 24. e3 h6 25. h3 Nb2 26. c5 Nd3 27. c6 Qd5 28. Rd1 Rxc6 29. Nf6+ Bxf6 30. Qxd5 exd5 31. Rxd3 Rc2 32. a4 Ra2 33. a5 bxa5 34. Rxd5 a4 35. Nc5 a3 36. Ne4 Bb2 37. Ra5 Ra1 38. g4 Rc1 39. Rxa7 Rc4 40. Kf3 g6 41. h4 Rc6 42. g5 hxg5 43. hxg5 Kf8 44. Ke2 Re6 45. Kd3 Rc6 46. f4 Ke8 47. Nf6+ Bxf6 48. gxf6 Rxf6 49. Rxa3 Rd6+ 50. Ke4 Ke7 51. Kf3 Re6 52. e4 Rd6 53. Ra7+ Rd7 54. Ra6 Rd3+ 55. Kg4 Re3 56. e5 Re2 57. Ra7+ Ke6 58. Ra6+ Ke7 59. Rb6 Re1 60. Rb7+ Ke6 61. Rb6+ Ke7 62. Rb8 Re2 63. Ra8 Re1 64. Ra7+ Ke6 65. Ra6+ Ke7 66. Ra5 Ke6 67. Ra6+ Ke7 68. Rb6 Re2 69. Kf3 Re1 70. Rb2 Rf1+ 71. Kg4 Rg1+ 72. Kh4 Rh1+ 73. Kg5 Rh5+ 74. Kg4 Rh1 75. Rb7+ Ke6 76. Rb6+ Ke7 77. Rc6 Rg1+ 78. Kf3 Re1 79. Rc2 Ke6 80. Rc6+ Ke7 81. Ra6 Rf1+ 82. Ke4 Re1+ 83. Kd3 Rd1+ 84. Ke2 Rd4 85. Ke3 Rd1 86. Ke4 Re1+ 87. Kd5 Rd1+ 88. Ke4 Re1+ 1/2-1/2

[Event "EOBCC 2020"]
[Site "Online"]
[Date "2020.12.18"]
[Round "1.27"]
[White "Sorensen, Hampus"]
[Black "Petrosyan, Manuel"]
[Result "1-0"]
[WhiteElo "2395"]
[BlackElo "2628"]
[PlyCount "219"]
[EventDate "2020.12.18"]
[EventType "tourn"]
[EventCountry "NET"]

1. d4 Nf6 2. c4 e6 3. Nf3 d5 4. Bg5 dxc4 5. e4 c5 6. e5 h6 7. Bh4 Qa5+ 8. Qd2 Qxd2+ 9. Nbxd2 Nfd7 10. Bxc4 cxd4 11. Rc1 Nc6 12. Bb5 Be7 13. Bg3 a6 14. Bxc6 bxc6 15. Rxc6 Bb7 16. Rc1 Nc5 17. O-O Bd5 18. b3 O-O 19. Nxd4 Rfd8 20. N4f3 a5 21. Nc4 Bxf3 22. gxf3 a4 23. Nd6 Nd3 24. Rc7 Kf8 25. Rd1 Nb4 26. Rd2 axb3 27. axb3 Nd5 28. Rb7 Rdb8 29. Rxb8+ Rxb8 30. Ra2 g5 31. Ra7 Rxb3 32. Kg2 h5 33. h3 Rb2 34. Ra8+ Kg7 35. Ne8+ Kg6 36. Nd6 h4 37. Bh2 Ne3+ 38. Kh1 Rb1+ 39. Bg1 Nf5 40. Nxf5 Kxf5 41. Ra7 Bc5 42. Rxf7+ Kxe5 43. Kg2 Rb2 44. Bh2+ Kd5 45. Bg1 Bd4 46. Rd7+ Kc4 47. Rc7+ Kd3 48. Rc6 e5 49. Rg6 Ke2 50. Rxg5 Ke1 51. Rg4 Rb7 52. Re4+ Kd2 53. Rxh4 Kd3 54. Rg4 Rb2 55. h4 Rc2 56. h5 Rc6 57. Rh4 Rh6 58. Bh2 Kc4 59. Bg3 Kd5 60. Kh3 Ke6 61. Kg4 Bc5 62. f4 Be7 63. f5+ Kf6 64. Rh1 Rh8 65. Bh4+ Kf7 66. Bxe7 Kxe7 67. h6 Kf6 68. Rh5 Rg8+ 69. Kf3 Ra8 70. h7 Rh8 71. Ke4 Kg7 72. Kxe5 Re8+ 73. Kf4 Kh8 74. Kg5 Rc8 75. Kg6 Rc6+ 76. Kg5 Ra6 77. Rh3 Ra7 78. f4 Ra6 79. Rh1 Rb6 80. Rh4 Ra6 81. Rh3 Rb6 82. Rh2 Ra6 83. Rh1 Rb6 84. f6 Rxf6 85. Rb1 Rg6+ 86. Kf5 Kxh7 87. Rb7+ Kh6 88. Rf7 Rg1 89. Kf6 Ra1 90. Re7 Ra6+ 91. Re6 Ra5 92. f5 Kh7 93. Re7+ Kh6 94. Re8 Kh7 95. Re7+ Kh6 96. Re1 Kh7 97. Ke6 Ra6+ 98. Kf7 Ra7+ 99. Re7 Ra5 100. f6 Ra6 101. Kf8+ Kg6 102. f7 Ra8+ 103. Re8 Ra6 104. Kg8 Kh5 105. f8=Q Rg6+ 106. Qg7 Rxg7+ 107. Kxg7 Kg5 108. Re5+ Kf4 109. Kf6 Kg4 110. Rf5 1-0

[Event "EOBCC 2020"]
[Site "Online"]
[Date "2020.12.18"]
[Round "1.28"]
[White "Deac, Bogdan-Daniel"]
[Black "Tsvetkov, Andrey"]
[Result "1-0"]
[WhiteElo "2625"]
[BlackElo "2395"]
[PlyCount "131"]
[EventDate "2020.12.18"]
[EventType "tourn"]
[EventCountry "NET"]

1. Nf3 d5 2. d4 Nf6 3. c4 e6 4. Nc3 c6 5. Bg5 h6 6. Bxf6 Qxf6 7. Qb3 a5 8. e4 a4 9. Qc2 dxe4 10. Nxe4 Bb4+ 11. Kd1 Qf4 12. c5 O-O 13. a3 Ba5 14. Bd3 Bc7 15. Qe2 Nd7 16. g3 Qg4 17. h3 Qh5 18. g4 Qg6 19. Nh4 Qh7 20. Nf6+ Nxf6 21. Bxh7+ Kxh7 22. Nf3 Rd8 23. Kc2 b6 24. g5 hxg5 25. Nxg5+ Kg8 26. Qf3 bxc5 27. dxc5 Rd5 28. h4 Rxc5+ 29. Kb1 e5 30. Rg1 e4 31. Qxf6 gxf6 32. Nxe4+ Kf8 33. Nxc5 Bf5+ 34. Ka2 Ra5 35. Rac1 Bf4 36. Rc4 Bd6 37. Rgc1 Rb5 38. Ka1 Be5 39. Nxa4 Be6 40. Rxc6 Rb3 41. Nc3 Rb8 42. Rc5 Bd4 43. Rh5 Ke7 44. f4 f5 45. Rg5 Bf6 46. Rg2 Rb3 47. h5 Rb8 48. h6 Rh8 49. Rh2 Rh7 50. Rg1 Bd4 51. Re1 Bc5 52. b4 Bd6 53. Rh4 Kf6 54. Nb5 Be7 55. Nd4 Kg6 56. Rh2 Bf6 57. Rd1 Rxh6 58. Rg1+ Kh7 59. Rxh6+ Kxh6 60. Rd1 Kh5 61. b5 Kg4 62. b6 Kxf4 63. b7 Be5 64. Kb1 Bd5 65. Ne2+ Ke4 66. Nc3+ 1-0